000 00266nam a2200109Ia 4500
008 190912s9999||||xx |||||||||||||| ||und||
100 _aAdil Salahi
245 0 _aMuhammad His Character and Conduct
260 _aIndia
_bILM Trust
_c2017
300 _a285
942 _cBK
999 _c7858
_d7858